| 000 | 00931nam a2200253Ia 4500 | ||
|---|---|---|---|
| 003 | OSt | ||
| 005 | 20220918110734.0 | ||
| 006 | a|||||r|||| 00| 0 | ||
| 007 | ta | ||
| 008 | 220915b |||||||| |||| 00| 0 hin d | ||
| 024 | _a204055 | ||
| 037 | _cReference Collections | ||
| 040 |
_aARTS _cARTS _bhin |
||
| 041 |
_2hin _ahin |
||
| 082 | _aO152,3M80x, N6.1-.20(RR) | ||
| 100 |
_aप्रेमचन्द _99314 |
||
| 245 | 0 | _aप्रेमचन्द रचनावली | |
| 246 | _aPremachanda rachanāvalī | ||
| 260 |
_aदिल्ली _bजनवाणी प्रकाशन भारत _c1996 |
||
| 650 | _aहिन्दी साहित्य | ||
| 700 |
_a राम आनन्द, संपा. _99315 |
||
| 942 |
_hO152,3M80x, N6.1-.20(RR) _cREF |
||
| 999 |
_c114394 _d114394 |
||